Con los ojos perdidos /

Salvato in:
Dettagli Bibliografici
Autore principale: Vivero, Elizabeth (autor)
Natura: Libro
Lingua:spagnolo
Pubblicazione: México : CONACULTA, 1999, c1999
Tags: Aggiungi Tag
Nessun Tag, puoi essere il primo ad aggiungerne!!

MARC

LEADER 00000nam^a2200000^a^4500
001 000617881
005 20250715000000.0
009 20260310133749.358
020 |a 970-18-3385-6 
037 |a Acervo ITESO - Biblioteca 
041 |a ESP 
091 |a FOB. 00246 
100 |a Vivero, Elizabeth  |e (autor) 
245 1 0 |a Con los ojos perdidos / 
264 4 |a México :  |b CONACULTA,  |c 1999, c1999 
300 |a 83 p. 
336 |a texto  |b txt  |2 rdacontenido 
337 |a sin mediación  |b n  |2 rdamedio 
338 |a volumen  |b nc  |2 rdasoporte 
649 |a XX 
910 |a Fondo Carlos de Obeso Orendain 
920 |a Impresos - Libros 
930 |a Fondos Especiales 
940 |a Literatura 
905 |a 147 
901 |a 617881-10  |b IT2  |c ESP  |i D83912  |u 20250715 
902 |a https://opac.biblio.iteso.mx/vufind/Record/000617881